Loading...
| History - World | 0 | 6 | 1 | 2 | 55 | 88 | 112.67 | 0 | 1 | 6.06 | 21.16 |
| Current Events | 0 | 5 | 0 | 0 | 50 | 53 | 87.00 | 0 | 1 | 18.17 | 38.09 |
| History - European | 0 | 5 | 3 | 0 | 35 | 88 | 117.00 | 0 | 1 | 4.08 | 18.31 |
| History - American | 0 | 3 | 0 | 1 | 30 | 127 | 130.00 | 0 | 0 | 0.22 | 4.17 |
| History - Other | 0 | 3 | 0 | 1 | 30 | 62 | 96.33 | 1 | 1 | 4.47 | 10.05 |
| Fine Arts - Other | 0 | 2 | 0 | 0 | 20 | 137 | 141.00 | 0 | 0 | 0.04 | 1.72 |
| Social Science | 0 | 2 | 0 | 0 | 20 | 117 | 121.00 | 0 | 0 | 0.82 | 4.41 |
| Literature - European | 0 | 1 | 0 | 0 | 10 | 146 | 146.00 | 0 | 0 | 0.04 | 4.41 |
| Geography | 0 | 1 | 0 | 0 | 10 | 30 | 30.00 | 1 | 1 | 9.66 | 10.94 |
| Literature - World | 0 | 1 | 0 | 1 | 10 | 160 | 160.00 | 0 | 0 | 0.07 | 0.74 |
| Philosophy | 0 | 1 | 0 | 0 | 10 | 112 | 112.00 | 0 | 0 | 1.04 | 3.19 |
| Science - Other | 0 | 0 | 0 | 0 | 0 | 0.00 | 0 | 0 | 0.00 | 0.00 | |
| Fine Arts - Painting & Sculpture | 0 | 0 | 0 | 0 | 0 | 0.00 | 0 | 0 | 0.00 | 0.00 | |
| Religion | 0 | 0 | 1 | 0 | -5 | 0.00 | 0 | 0 | 0.00 | 0.00 |